00342nam a2200133Ia 4500008004100000041000800041082001700049100001900066245004500085250001400130260002500144300003200169365000700201240624s9999 xx 000 0 und d aeng a658.4038 JES aJESSUP LEONARD aINFORMATION SYSTEMS TODAY MANAGING IN TH a(3rd ed.) c2009aNew DelhibPHI axxvi, : 598 : p. : cm. ; 26 cRS